000
00427 a2200181 4500
260
_a
Paris
260
_b
Frison-Roche
250
_a
2ème éd.
245
_a
Rééducation raisonnée de l'épaule opérée et non opérée
650
_a
KINESITHERAPIE
100
_a
Forthomme, B.
260
_c
2004
300
_a
190 p.
035
_a
9441
999
_c
18610
_d
18610